000 00481cam a2200193ua 4500
001 6011
005 20260515113952.0
008 131106n ii |||gr||||Z||||||asm
040 _cMAIN
082 _a891.4513
100 _aDakua,Keshab chandra,
_eAuthor.
245 _aJerengar Uchupani
_cby Keshab Chandra Dakua
250 _a1st ed.
260 _aGuwahati:
_bBani Mandir,
_c2009.
300 _a220p.
653 _aAssamese uponyas
653 _aJerengar Uchupani
942 _cBK
999 _c5160
_d5160